000 00536nam a2200193Ia 4500
005 20250508164448.0
008 008 250505s9999 xx 000 0 eng d
037 _aTextual
040 _aFEDL
_beng
_cFEDL
041 _aeng
_2eng
084 _a300.1, SIM
_qFEDL
100 _aSimons Herbert W Ed.
_9133562
245 0 _aRhetoric in the human sciences
260 _aLondon, UK
_bSage Publications
_c1989
300 _axv,240p.
650 _aSocial sciences
942 _cTEXL
_h300.1, SIM
999 _c1389254
_d1389254